00943cam a2200241 a 450000100100000000500170001000800410002704000290006808200260009710000570012324500590018025000110023926000390025030000210028965000310031065000320034191000340037391000070040704900090041495201290042395201340055299900150068600000884220240305135409.0770808s1980 ck 000 e spa d aDO-SdBNPbspacLCdBNPHU aC864.44bG216cr, 19801 aGarcía Márquez, Gabriel,b1928-2014d1928-9180410aCrónicas y reportajes /cGabriel García Márquez. a5a ed. aBogotá :bLa Oveja Negra,c1980. a398 p. ;c17 cm. 4aEnsayos colombianos914811 4aLiteratura colombiana91244 aCatalogación por copia / LC aWM aBNGR 001054708MOaGRbGRcHDd2009-09-18iLF1l0oC864.44 G216cr, 1980p8842-10r2020-06-25w2020-06-25y4ZPréstamo en sala 001053728MOaGRbGRcHDd2010-11-17iLF1l0oC864.44 G216cr, 1980p8842-20r2020-06-25te.2w2020-06-25y4ZPréstamo en sala c8611d8611